Sports Quiz

Random Sports or WWE Quiz

WWE Intercontinental Champions Quiz Stats

 Plays Quiz Updated Mar 10, 2020

Support Sporcle.
Go Orange.
Score 0/180 Timer 10:00
16 Plays Today
Year Champion % Correct
2016The Miz
89.6%
1996Triple H
89.5%
1998Triple H
89.5%
2001Triple H
89.5%
2001Triple H
89.5%
2002Triple H
89.5%
2016The Miz
89.4%
2017The Miz
89.4%
2018The Miz
88.8%
2014The Miz
88%
2014The Miz
88%
2013The Miz
87.4%
2012The Miz
87.3%
1992Shawn Michaels
87.1%
1993Shawn Michaels
87.1%
1995Shawn Michaels
87.1%
1997The Rock
86.8%
1997The Rock
86.8%
2020Jeff Hardy
86.3%
1999Chris Jericho
86.1%
2000Chris Jericho
86.1%
2000Chris Jericho
86.1%
2001Chris Jericho
86.1%
2002Chris Jericho
86.1%
2003Chris Jericho
86.1%
2004Chris Jericho
86.1%
2008Chris Jericho
86.1%
2018Seth Rollins
85.5%
2018Seth Rollins
85.2%
2017Dean Ambrose
84.6%
2015Dean Ambrose
84.2%
2018Dean Ambrose
83.5%
1999Edge
82.8%
2001Edge
82.8%
2001Edge
82.8%
2001Edge
82.8%
2004Edge
82.8%
2001Kane
82.3%
2002Kane
82.3%
2020Big E
82.3%
1991Bret Hart
82.3%
1992Bret Hart
82.3%
2017Roman Reigns
82.2%
2014Dolph Ziggler
80.8%
2014Dolph Ziggler
80.7%
2001Jeff Hardy
80.6%
2006Jeff Hardy
80.6%
2006Jeff Hardy
80.6%
2007Jeff Hardy
80.6%
2014Dolph Ziggler
80.5%
2016Dolph Ziggler
80.5%
2018Dolph Ziggler
80.4%
1997Steve Austin
80%
1997Steve Austin
80%
2012Christian
79.4%
1997Owen Hart
79.3%
1997Owen Hart
79.3%
2009Chris Jericho
79%
2021King Nakamura
78.7%
2001Christian
78.7%
Year Champion % Correct
2003Christian
78.7%
2003Christian
78.7%
2003Randy Orton
77.6%
2012The Big Show
77.5%
1986Randy Savage
76.9%
2020Sami Zayn
76.2%
2020Sami Zayn
75.7%
1988The Ultimate Warrior
75.5%
1989The Ultimate Warrior
75.5%
2020AJ Styles
73.7%
2000Chris Benoit
73.4%
2000Chris Benoit
73.4%
2000Chris Benoit
73.4%
2002Chris Benoit
73.4%
2005Ric Flair
73.2%
1987The Honky Tonk Man
72.9%
1996Goldust
72.7%
1996Goldust
72.7%
1999Goldust
72.7%
2019King Nakamura
72.5%
2015Daniel Bryan
72.1%
2012Kofi Kingston
71.9%
2021Apollo Crews
71.8%
2009Rey Mysterio
71.7%
1993Razor Ramon
71.6%
1994Razor Ramon
71.6%
1995Razor Ramon
71.6%
1995Razor Ramon
71.6%
2012Cody Rhodes
71.5%
2000Kurt Angle
70.1%
2015Kevin Owens
70%
2009Rey Mysterio
69.5%
2008Kofi Kingston
69.5%
2000Eddie Guerrero
69.2%
2002Eddie Guerrero
69.2%
2016Kevin Owens
69.2%
2019Bobby Lashley
69.1%
2009CM Punk
69%
2019Bobby Lashley
68.6%
1994Diesel
68.5%
2012Wade Barrett
68.4%
2013Wade Barrett
68.2%
1979Pat Patterson
67.9%
1999Chyna
67.7%
2000Chyna
67.7%
2014Bad News Barrett
67.4%
2002Rob Van Dam
67.1%
2002Rob Van Dam
67.1%
2002Rob Van Dam
67.1%
2003Rob Van Dam
67.1%
2003Rob Van Dam
67.1%
2015Bad News Barrett
67%
1998Ken Shamrock
66.1%
2019Finn Balor
65.8%
2019Finn Balor
65.8%
2006Rob Van Dam
65.6%
2020Braun Strowman
65.1%
2010Dolph Ziggler
64%
2013Big E Langston
61.6%
1987Ricky Steamboat
61.3%
Year Champion % Correct
2010Kofi Kingston
60.8%
1995Jeff Jarrett
60.6%
1995Jeff Jarrett
60.6%
1995Jeff Jarrett
60.6%
1999Jeff Jarrett
60.6%
1999Jeff Jarrett
60.6%
1999Jeff Jarrett
60.6%
2000Billy Gunn
60.1%
1990Mr. Perfect
60.1%
1990Mr. Perfect
60.1%
1992The British Bulldog
59.6%
2016Zack Ryder
59.6%
1992Roddy Piper
59.1%
2011Kofi Kingston
58.8%
2006Johnny Nitro
58.8%
2006Johnny Nitro
58.8%
2009John 'Bradshaw' Layfield
58.8%
1999The Road Dogg
58.8%
2003Booker T
58.5%
2015Ryback
57.5%
2004Shelton Benjamin
57.2%
2006Shelton Benjamin
57.2%
2006Shelton Benjamin
57.2%
2007Umaga
56.5%
2007Umaga
56.5%
2011Cody Rhodes
56.4%
1989Rick Rude
55.7%
2007Santino Marella
55%
2008Santino Marella
55%
2014Luke Harper
54.7%
2011Wade Barrett
54.3%
2002William Regal
54.2%
2008William Regal
54.1%
2001Test
53%
2009John Morrison
51.8%
1984Tito Santana
51%
1985Tito Santana
51%
1980Pedro Morales
50.6%
1981Pedro Morales
50.6%
2005Carlito
50.3%
1999D'Lo Brown
50.1%
1999Val Venis
49.4%
2000Val Venis
49.4%
2013Curtis Axel
47.7%
2000Rikishi
47.1%
1996Ahmed Johnson
47.1%
1993Marty Jannetty
46.7%
1999The Godfather
46.3%
2001Albert
45.2%
1992The Mountie
45%
1984Greg Valentine
44.6%
1981Don Muraco
44.4%
1983Don Muraco
44.4%
1990Texas Tornado
42.9%
2009Drew McIntyre
40.8%
1995Dean Douglas
40.3%
2001Lance Storm
39.8%
1996Marc Mero
39.3%
1980Ken Patera
37.5%
2011Ezekiel Jackson
36.5%

From the Vault

Dr. Seuss Books per Letter

by FearTheManatee

Seuss Tip: If you can't figure out how to rhyme a word, just make up a new one.
Remove Ads.
Support Sporcle.
Get the best of Sporcle when you Go Orange. This ad-free experience offers more features, more stats, and more fun while also helping to support Sporcle. Thank you for becoming a member.

Show Comments

Extras

Top Quizzes Today


Score Distribution

Your Account Isn't Verified!

In order to create a playlist on Sporcle, you need to verify the email address you used during registration. Go to your Sporcle Settings to finish the process.

Report this User

Report this user for behavior that violates our Community Guidelines.

Details: